Manual de la Constitución Argentina (Registro nro. 6318)
[ vista simple ]
| 000 -LEADER | |
|---|---|
| fixed length control field | 01637 a2200193 4500 |
| 001 - CONTROL NUMBER | |
| control field | 57815 |
| 005 - DATE AND TIME OF LATEST TRANSACTION | |
| control field | 20260407155838.0 |
| 008 - FIXED-LENGTH DATA ELEMENTS--GENERAL INFORMATION | |
| fixed length control field | 260407a1964 arg spa d |
| 003 - CONTROL NUMBER IDENTIFIER | |
| control field | AR-UNSa-BCEJYS |
| 040 ## - CATALOGING SOURCE | |
| Original cataloging agency | AR-UNSa-BCEJYS |
| Language of cataloging | spa |
| Transcribing agency | AR-UNSa-BCEJYS |
| 080 ## - UNIVERSAL DECIMAL CLASSIFICATION NUMBER | |
| Universal Decimal Classification number | 342 |
| Common auxiliary subdivision | Derecho constitucional (Derecho Público) |
| 100 1# - MAIN ENTRY--PERSONAL NAME | |
| Personal name | González, Joaquin V. |
| 245 10 - TITLE STATEMENT | |
| Title | Manual de la Constitución Argentina |
| 264 #1 - PRODUCTION, PUBLICATION, DISTRIBUTION, MANUFACTURE, AND COPYRIGHT NOTICE | |
| Place of production, publication, distribution, manufacture | Córdoba : |
| Name of producer, publisher, distributor, manufacturer | Universidad Nacional de Córdoba |
| Date of production, publication, distribution, manufacture, or copyright notice | 1964 |
| 300 ## - PHYSICAL DESCRIPTION | |
| Extent | 590 p. |
| Dimensions | 23 cm. |
| 505 ## - FORMATTED CONTENTS NOTE | |
| Formatted contents note | 1. Nociones fundamentales – 2. Nociones fundamentales (continuación) – 3. De los derechos en general – 4. Libertad e igualdad civiles – 5. De los derechos civiles con relación al trabajo y a los bienes – 6. Derechos y libertades en relación inmediata con la personalidad – 7. De los derechos con relación a la seguridad y defensa individuales – 8. De los derechos políticos – 9. Suspensión de las garantías constitucionales. Estado de sitio – 10. Naturaleza, forma y caracteres – 11. Formación del Gobierno. Derecho electoral – 12. Composición y distribución de los poderes del gobierno – 13. Del poder legislativo – 14. Privilegios y poderes del Congreso – 15. Atribuciones del congreso – 16. Atribuciones del congreso (continuación) – 17. Procedimiento parlamentario – 18. Del poder ejecutivo – 19. Del poder judicial – 20. De las provincias y sus poderes – 21. Relaciones entre las provincias – 22. Intervención del gobierno federal en el régimen interno de las provincias – 23. La constitución, ley suprema |
| 590 ## - LOCAL NOTE (RLIN) | |
| Local note | niveau_biblio:m niveau_hierar:0 |
| 942 ## - ADDED ENTRY ELEMENTS (KOHA) | |
| Koha item type | |
| Withdrawn status | Lost status | Damaged status | Not for loan | Home library | Current library | Shelving location | Date acquired | Total checkouts | Full call number | Barcode | Date last seen | Price effective from | Koha item type |
|---|---|---|---|---|---|---|---|---|---|---|---|---|---|
| Biblioteca Prof. Eusebio Cleto del Rey | Biblioteca Prof. Eusebio Cleto del Rey | 07/04/2026 | 342 G642 | L87236 | 07/04/2026 | 07/04/2026 | Libro |